000
00221 a2200097 4500
001
11235
100
_a
Kochanek, S.
245
_a
Interest Groups and Development
260
_a
_b
Oxford University
_c
090
_c
8787
_d
8787
942
_a
NUST-CAE
_c
M
_c
35585
999
_c
246308
_d
246308